Violence and Civilization in the Western States-Systems

Guardado en:
Detalles Bibliográficos
Autor principal: Linklater, Andrew
Formato: Libro
Lenguaje:inglés
Publicado: Cambridge Cambridge University Press 2016
Materias:
Etiquetas: Agregar Etiqueta
Sin Etiquetas, Sea el primero en etiquetar este registro!

MARC

LEADER 00000nam a2200000 4500
001 0248242
005 20240312120100.6
020 |a 978-1-107-15473-5 
020 |a 978-1-316-60833-3 
041 0 |a eng 
044 |a GB 
245 1 0 |a Violence and Civilization in the Western States-Systems  |c Andrew Linklater 
264 1 |a Cambridge  |b Cambridge University Press  |c 2016 
300 |a 564 s. 
610 2 0 |a spoločnosť 
610 2 0 |a vývoj spoločenský 
610 2 0 |a dejiny 
610 2 0 |a konflikty 
610 2 0 |a vojny 
610 2 0 |a otrokárstvo 
610 2 0 |a udalosti sociálne 
610 2 0 |a mestá 
610 2 0 |a civilizácia 
610 2 0 |a moc politická 
610 2 0 |a vzťahy medzinárodné 
610 2 0 |a ideológia 
610 2 0 |a spoločnosť globálna 
100 1 |a Linklater, Andrew